Pakistan me taleem : ek tahqiqi jaiza (Record no. 63552)

000 -LEADER
fixed length control field 01345cam a22003374a 4500
001 - CONTROL NUMBER
control field 14818543
003 - CONTROL NUMBER IDENTIFIER
control field NUST - PNEC
005 - DATE AND TIME OF LATEST TRANSACTION
control field 20170116180817.0
008 - FIXED-LENGTH DATA ELEMENTS--GENERAL INFORMATION
fixed length control field 070423s2006 pk b 001 0 urdo
010 ## - LIBRARY OF CONGRESS CONTROL NUMBER
LC control number 2007378757
020 ## - INTERNATIONAL STANDARD BOOK NUMBER
International Standard Book Number 9698460020
025 ## - OVERSEAS ACQUISITION NUMBER
Overseas acquisition number P-U-2007378757 ; 19
040 ## - CATALOGING SOURCE
Original cataloging agency DLC
Transcribing agency LIBRARY
Modifying agency DLC
042 ## - AUTHENTICATION CODE
Authentication code lcode
043 ## - GEOGRAPHIC AREA CODE
Geographic area code a-pk---
050 00 - LIBRARY OF CONGRESS CALL NUMBER
Classification number LA1271
Item number .R33 2006
082 ## - DEWEY DECIMAL CLASSIFICATION NUMBER
Classification number 370.54 RAH
100 1# - MAIN ENTRY--PERSONAL NAME
Personal name Rahmani Anjum
9 (RLIN) 3725
245 10 - TITLE STATEMENT
Title Pakistan me taleem : ek tahqiqi jaiza
Statement of responsibility, etc. Anjum Raḥmānī.
260 ## - PUBLICATION, DISTRIBUTION, ETC.
Place of publication, distribution, etc. Lahore:
Name of publisher, distributor, etc. Pākistān Rāʼiṭarz Koāpreṭiv Sosāʼiṭī :
-- Taqsīmkār, Koāprā Buk Sanṭar ainḍ Ārṭ Gelarī,
Date of publication, distribution, etc. 2006.
300 ## - PHYSICAL DESCRIPTION
Extent xii, 656 p. ;
Dimensions 22 cm.
504 ## - BIBLIOGRAPHY, ETC. NOTE
Bibliography, etc. note Includes bibliographical references (p. 648-652) and index.
520 ## - SUMMARY, ETC.
Summary, etc. Research and analytical study on the standard of education in Pakistan and need for designing policies for its improvement ; includes interviews of noted educationists from Pakistan.
546 ## - LANGUAGE NOTE
Language note In Urdu.
650 #0 - SUBJECT ADDED ENTRY--TOPICAL TERM
Topical term or geographic name entry element Education
Geographic subdivision Pakistan.
General subdivision General
650 #0 - SUBJECT ADDED ENTRY--TOPICAL TERM
Topical term or geographic name entry element Educational change
Geographic subdivision Pakistan.
710 2# - ADDED ENTRY--CORPORATE NAME
Corporate name or jurisdiction name as entry element Pakistan Writers' Co-operative Society.
906 ## - LOCAL DATA ELEMENT F, LDF (RLIN)
a 7
b cbc
c origode
d 3
e ncip
f 20
g y-gencatlg
942 ## - ADDED ENTRY ELEMENTS (KOHA)
Source of classification or shelving scheme
Koha item type Book
Holdings
Withdrawn status Lost status Source of classification or shelving scheme Damaged status Not for loan Permanent Location Current Location Shelving location Date acquired Source of acquisition Cost, normal purchase price Total Checkouts Full call number Barcode Date last seen Cost, replacement price Price effective from Koha item type
          Pakistan Navy Engineering College (PNEC) Pakistan Navy Engineering College (PNEC)   05/29/2008 Royal Books 718.08   370.54 RAH PNECLIB-028612 05/29/2015 718.08 05/29/2008 Book
© 2023 Central Library, National University of Sciences and Technology. All Rights Reserved.